| 000 | 00328nam a2200121Ia 4500 | ||
|---|---|---|---|
| 008 | 220217s9999||||xx |||||||||||||| ||und|| | ||
| 082 | _a621.381 5 YOG | ||
| 100 |
_aBakshi, U.A Godse, A.P _91202 |
||
| 245 | 0 | _aElectronic circuits - I | |
| 260 |
_aTechnical publications _bPune _c2003 |
||
| 300 | _b160 | ||
| 650 | _aCIRCUITRY | ||
| 999 |
_c170591 _d170591 |
||